Normal view
MARC view
- Jaffar,Anum
Entry Personal Name
001 - CONTROL NUMBER
- control field: 119745
003 - CONTROL NUMBER IDENTIFIER
- control field: NUST
005 - DATE AND TIME OF LATEST TRANSACTION
- control field: 20231213164818.0
008 - FIXED-LENGTH DATA ELEMENTS
- fixed length control field: 231213|| aca||aabn | a|a d
040 ## - CATALOGING SOURCE
- Original cataloging agency: NUST
- Transcribing agency: NUST
100 ## - HEADING--PERSONAL NAME
- Personal name: Jaffar,Anum
670 ## - SOURCE DATA FOUND
- Source citation: Work cat.: (NUST): Jaffar,Anum , Human Robot Interaction- Personality Prediction of a Human Using Humanoid Robot /
